000 00600cam a22002053a 4500
001 40019
003 PGUSA
005 20140828083906.0
008 120617s2012||||xxu|||||s|||||000 | eng d
040 _aPGUSA
_beng
042 _adc
100 1 _aPike, Warburton Mayer,
_d1861-1915
245 1 4 _aThe Barren Ground of Northern Canada
_h[electronic resource] /
_cWarburton Mayer Pike
260 _bProject Gutenberg,
_c2012
506 _aPublic domain in the USA.
516 _aElectronic text
830 0 _aProject Gutenberg
_v40019
856 4 0 _uhttp://www.gutenberg.org/ebooks/40019
942 _cEB
999 _c269272
_d269272